Modifikácia netkaných textílií z biodegradovateľných polymérov bioaktívnymi látkami

Salvato in:
Dettagli Bibliografici
Autore principale: Bernáthová, Beáta (Autore)
Altri autori: Černáková, Ľudmila, 1954- (Relatore della tesi)
Natura: Manoscritto Libro
Lingua:slovacco
Pubblicazione: 2015
Soggetti:
Accesso online:http://is.stuba.sk/zp/portal_zp.pl?podrobnosti=113178
Tags: Aggiungi Tag
Nessun Tag, puoi essere il primo ad aggiungerne!!

MARC

LEADER 00000ntm a22000003a 4500
001 stuzp51635
003 SK-STU
005 20160719153923.4
007 ta
008 150427s2015----xo-----f-mn---000-0-slo-d
040 |a STU  |b slo 
041 0 |a slo 
100 1 |a Bernáthová, Beáta  |u 049370  |4 aut  |U FCHPT Ústav prírodných a syntetických polymérov  |T FCHPT Oddelenie plastov a kaučuku  |X 43418  |U C9370  |Y 128  |7 43418 
242 0 1 |a Modification of nonwovens from biodegradable polymers by bioactive substances  |y eng 
245 1 0 |a Modifikácia netkaných textílií z biodegradovateľných polymérov bioaktívnymi látkami 
260 |c 2015 
650 4 |a polyuretán  |2 slo 
650 4 |a berberín chlorid  |2 slo 
650 4 |a kyselina salicylová  |2 slo 
650 4 |a netkané textílie  |2 slo 
650 4 |a acetylcelulóza  |2 slo 
650 4 |a cyklodextrín  |2 slo 
650 4 |a nonwoven fabric  |2 eng 
650 4 |a polyurethane  |2 eng 
650 4 |a cellulose acetate  |2 eng 
650 4 |a cyclodextrine  |2 eng 
650 4 |a berberine chloride  |2 eng 
650 4 |a salicylic acid  |2 eng 
700 1 |a Černáková, Ľudmila,  |d 1954-  |4 ths  |X 4689  |7 A000004689 
856 4 |u http://is.stuba.sk/zp/portal_zp.pl?podrobnosti=113178 
SQL |a stuzp51635  |b DDP  |c SLO  |d Modifikácia netkaných textílií z biodegradovateľných polymérov bioaktívnymi látkami  |e 43418  |f Bernáthová, Beáta  |g 049370  |h 4689  |i Černáková, Ľudmila  |j 20150608  |k 542  |l 04  |m http://is.stuba.sk/zp/portal_zp.pl?podrobnosti=113178  |n I-PSP  |o 5.2.18. chemické technológie